Tous les joueurs du tableau final d'Europa League 2025 a plus d'1.5M€ - Statistiques

Statistiques générales
  • Ce quiz a été pris 11 fois
  • Le résultat moyen est 115 sur 469
Statistiques - réponses
Joueur Pays Poste Club % Correct
Lucas Perri BRA GK OL
100%
André Onana CAM GK Manchester United
90%
Diogo Costa POR GK FC Porto
90%
Guglielmo Vicario ITA GK Tottenham
90%
Moussa Niakhaté SEN DC OL
90%
Nicolás Tagliafico ARG DG OL
90%
Unai Simón ESP GK Bilbao
90%
Abner BRA DG OL
80%
Alexandre Lacazette FRA BU OL
80%
Álex Remiro ESP GK Real Sociedad
80%
Clinton Mata ANG DD OL
80%
Corentin Tolisso FRA MC OL
80%
Ernest Nuamah GHA AD OL
80%
Jon Martín ESP DC Real Sociedad
80%
Oscar Højlund DAN MC Frankfurt
80%
Rasmus Højlund DAN BU Manchester United
80%
Rayan Cherki FRA MOC OL
80%
Rémy Descamps FRA GK OL
80%
Saël Kumbedi FRA DD OL
80%
Ainsley Maitland-Niles ENG DD OL
70%
Bruno Fernandes POR MOC Manchester United
70%
Duje Ćaleta-Car HRV DC OL
70%
Georges Mikautadze GEO BU OL
70%
Harry Maguire ENG DC Manchester Untied
70%
Hugo Ekitiké FRA BU Frankfurt
70%
Iñaki Williams GHA AD Bilbao
70%
Kobbie Mainoo ENG MC Manchester United
70%
Lisandro Martínez ARG DC Manchester United
70%
Luke Shaw ENG DG Manchester United
70%
Malick Fofana BEL AG OL
70%
Martim Fernandes POR DD FC Porto
70%
Mattéo Guendouzi FRA MC Lazio Roma
70%
Matthijs de Ligt P-B DC Manchester United
70%
Mile Svilar SRB GK AS Roma
70%
Nemanja Matić SRB MDC OL
70%
Nico Williams ESP AG Bilbao
70%
Pape Matar Sarr SEN MC Tottenham
70%
Tanner Tessmann USA MDC OL
70%
Adama Traoré MAL AD Ferencvaros
60%
Bertrand Traoré BRK AD Ajax
60%
Boulaye Dia SEN BU Lazio Roma
60%
Destiny Udogie ITA DG Tottenham
60%
Hamari Traoré MAL DD Real Sociedad
60%
Jordan Veretout FRA MC OL
60%
Joshua Zirkzee P-B BU Manchester United
60%
Kevin Trapp GER GK Frankfurt
60%
Leny Yoro FRA DC Manchester United
60%
Mikel Oyarzabal ESP BU Real Sociedad
60%
Nayef Aguerd MAR DC Real Sociedad
60%
Takefusa Kubo JAP AD Real Sociedad
60%
Thiago Almada ARG MOC OL
60%
Warmed Omari COM DC OL
60%
Adrian Șut ROU MDC Steaua Bucarest
50%
Aitor Paredes ESP DC Bilbao
50%
Alejandro Garnacho ARG AG Manchester United
50%
Altay Bayındır TUR GK Manchester United
50%
Amad Diallo CIV AD Manchester United
50%
Angeliño ESP DG AS Roma
50%
Ben Davies WAL DC Tottenham
50%
Brais Méndez ESP MOC Real Sociedad
50%
Christian Eriksen DAN MC Manchester United
50%
Cristian Romero ARG DC Tottenham
50%
Davinson Sánchez COL DC Galatasaray
50%
Diogo Dalot POR DD Manchester United
50%
Dominik Livaković HRV GK Fenerbahçe
50%
Heung-Min Son KOR AG Tottenham
50%
Ivan Provedel ITA GK Lazio Roma
50%
Josip Šutalo HRV DC Ajax
50%
Kevin Danso ÖST DC Tottenham
50%
Leandro Paredes ARG MDC AS Roma
50%
Lorenzo Pellegrini ITA MOC AS Roma
50%
Luca Pellegrini ITA DG Lazio Roma
50%
Manu Koné FRA MC AS Roma
50%
Mario Gila ESP DC Lazio Roma
50%
Mario Götze GER MOC Frankfurt
50%
Mathys Tel FRA AG Tottenham
50%
Nuno Tavares POR DG Lazio Roma
50%
Oihan Sancet ESP MOC Bilbao
50%
Patrick Dorgu DAN DG Manchester United
50%
Paulo Dybala ARG AT AS Roma
50%
Pedro Porro ESP DD Tottenham
50%
Richarlison BRA BU Tottenham
50%
Rodrigo Mora POR MOC FC Porto
50%
Sheraldo Becker SUR AG Real Sociedad
50%
Tyrell Malacia P-B DG Manchester United
50%
Victor Lindelöf SWE DC Manchester United
50%
Abdülkerim Bardakcı TUR DC Galatasaray
40%
Alan Varela ARG MDC FC Porto
40%
Alexander Djiku GHA DC Fenerbahçe
40%
Álvaro Morata ESP BU Galatasaray
40%
Ansgar Knauff GER AD Frankfurt
40%
Archie Gray ENG DD Tottenham
40%
Artem Dovbyk UKR BU AS Roma
40%
Arthur Theate BEL DC Frankfurt
40%
Barış Alper Yılmaz TUR AD Galatasaray
40%
Brennan Johnson WAL AD Tottenham
40%
Brian Brobbey P-B BU Ajax
40%
Casemiro BRA MDC Manchester United
40%
Dani Silva POR MC FC Midtjylland
40%
Dani Vivian ESP DC Bilbao
40%
Djed Spence ENG DD Tottenham
40%
Dominic Solanke ENG BU Tottenham
40%
Eldor Shomurodov UZB BU AS Roma
40%
Elseid Hysaj ALB DD Lazio Roma
40%
Elye Wahi FRA BU Frankfurt
40%
Evan Ndicka CIV DC AS Roma
40%
Farès Chaïbi ALG MOC Frankfurt
40%
Gianluca Mancini ITA DC AS Roma
40%
Igor Zubeldia ESP DC Real Sociedad
40%
Ismail Jakobs SEN DG Galatasaray
40%
James Maddison ENG MOC Tottenham
40%
James Tavernier ENG DD Rangers
40%
Jonny Evans NIR DC Manchester United
40%
Jordan Henderson ENG MC Ajax
40%
Jorrel Hato P-B DG Ajax
40%
Junior Dina Ebimbe FRA AD Frankfurt
40%
Lucas Bergvall SWE MC Tottenham
40%
Lucas Torreira URU MDC Galatasaray
40%
Martín Zubimendi ESP MDC Real Sociedad
40%
Mason Mount ENG MOC Manchester United
40%
Matías Soulé ARG AD AS Roma
40%
Mattia Zaccagni ITA AG Lazio Roma
40%
Mauro Icardi ARG BU Galatasaray
40%
Micky van de Ven P-B DC Tottenham
40%
Niels Nkounkou FRA DG Frankfurt
40%
Noussair Mazraoui MAR DD Manchester United
40%
Patrick Berg NOR MDC FK Bodø/Glimt
40%
Radu Drăgușin ROU DC Tottenham
40%
Rıdvan Yılmaz TUR DG Rangers
40%
Sergio Reguilón ESP DG Tottenham
40%
Timo Werner GER AG Tottenham
40%
Tuta BRA DC Frankfurt
40%
Victor Osimhen NIG BU Galatasaray
40%
Wilson Odobert FRA AD Tottenham
40%
Yves Bissouma MAL MDC Tottenham
40%
Adam Marušić MON DD Lazio Roma
30%
Alessio Romagnoli ITA DC Lazio Roma
30%
Álex Berenguer ESP AG Bilbao
30%
Ander Barrenetxea ESP AG Real Sociedad
30%
Aritz Elustondo ESP DC Real Sociedad
30%
Arsen Zakharyan RUS MOC Real Sociedad
30%
Can Uzun TUR MOC Frankfurt
30%
Cyriel Dessers NIG BU Rangers
30%
Daniele Rugani ITA DC Ajax
30%
Dejan Kulusevski SWE MOC Tottenham
30%
Devyne Rensch P-B DD AS Roma
30%
Dries Mertens BEL AT Galatasaray
30%
Edin Džeko BOS BU Fenerbahçe
30%
Elias Jelert DAN DD Galatasaray
30%
Ellyes Skhiri TUN MDC Frankfurt
30%
Gabriel Sara BRA MC Galatasaray
30%
Gorka Guruzeta ESP BU Bilbao
30%
Gustav Isaksen DAN AD Lazio Roma
30%
Hugo Larsson SWE MC Frankfurt
30%
Jack Butland ENG GK Rangers
30%
Jon Aramburu VEN DD Real Sociedad
30%
Julen Agirrezabala ESP GK Bilbao
30%
Kasper Dolberg DAN BU Anderlecht
30%
Kauã Santos BRA GK Frankfurt
30%
Kenneth Taylor P-B MC Ajax
30%
Kerem Demirbay GER MC Galatasaray
30%
Kevin MacAllister ARG DC Union Saint-Gilloise
30%
Kevin Rodríguez EQU BU Union Saint-Gilloise
30%
Lars Unnerstal P-B GK FC Twente
30%
Loum Tchaouna CAM AD Lazio Roma
30%
Ludwig Augustinsson SWE DG Anderlecht
30%
Luka Sučić HRV MC Real Sociedad
30%
Mahmoud Dahoud SYR MC Frankfurt
30%
Manuel Lazzari ITA DLD Lazio Roma
30%
Mario Lemina GAB MDC Galatasaray
30%
Matías Vecino URU MC Lazio Roma
30%
Mats Hummels GER DC AS Roma
30%
Mika Godts BEL AG Ajax
30%
Milan Škriniar SVK DC Fenerbahçe
30%
Nehuén Pérez ARG DC FC Porto
30%
Nnamdi Collins GER DC Frankfurt
30%
Orri Óskarsson ISL BU Real Sociedad
30%
Patric ESP DC Lazio Roma
30%
Pepê BRA AG FC Porto
30%
Rasmus Kristensen DAN DD Frankfurt
30%
Robin Koch GER DC Frankfurt
30%
Rodrigo Bentancur URU MDC Tottenham
30%
Samu Aghehowa ESP BU FC Porto
30%
Samuel Edozie ENG AG Anderlecht
30%
Sofyan Amrabat MAR MDC Fenerbahçe
30%
Steven Berghuis P-B AD Ajax
30%
Taty Castellanos ARG BU Lazio Roma
30%
Troy Parrott IRL BU AZ Alkmaar
30%
Youssef En-Nesyri MAR BU Fenerbahçe
30%
Yunus Akgün TUR AD Galatasaray
30%
Yuri Berchiche ESP DG Bilbao
30%
Yusuf Demir ÖST AD Galatasaray
30%
Zaidu NIG DG FC Porto
30%
Zeki Çelik TUR DD AS Roma
30%
Adama Boiro ESP DG Bilbao
20%
Adryelson BRA DC Anderlecht
20%
Ahmetcan Kaplan TUR DC Ajax
20%
Aihen Muñoz ESP DG Real Sociedad
20%
Allan Saint-Maximin FRA AG Fenerbahçe
20%
Anton Gaaei DAN DD Ajax
20%
Antonín Kinský CZE GK Tottenham
20%
Aurèle Amenda SWI DC Frankfurt
20%
Ayoub El Kaabi MAR BU Olympiakos
20%
Barnabás Varga MAG BU Ferencvaros
20%
Beñat Turrientes ESP MC Real Sociedad
20%
Branco van den Boomen P-B MC Ajax
20%
Bright Osayi-Samuel NIG DD Fenerbahçe
20%
Bryan Cristante ITA MDC AS Roma
20%
Christian Burgess ENG DC Union Saint-Gilloise
20%
Christos Mandas GRE GK Lazio Roma
20%
Diego Carlos BRA DC Fenerbahçe
20%
Dominik Kotarski HRV GK PAOK
20%
Fisayo Dele-Bashiru NIG MOC Lazio Roma
20%
Fredrik Bjørkan NOR DG FK Bodø/Glimt
20%
Ibrahim Sadiq GHA AD AZ Alkmaar
20%
Iñigo Lekue ESP DD Bilbao
20%
Iñigo Ruiz de Galarreta ESP MC Bilbao
20%
İsmail Yüksek TUR MDC Fenerbahçe
20%
Javi López ESP DG Real Sociedad
20%
Jayden Oosterwolde P-B DG Fenerbahçe
20%
Jean-Mattéo Bahoya FRA AG Frankfurt
20%
João Mário POR DD FC Porto
20%
Kaan Ayhan TUR DD Galatasaray
20%
Konstantinos Tzolakis GRE GK Olympiakos
20%
Krisztián Lisztes MAG MOC Frankfurt
20%
Levent Marcan TUR DG Fenerbahçe
20%
Manuel Ugarte URU MDC Manchester United
20%
Marko Grujić SRB MDC FC Porto
20%
Matheus BRA GK Ajax
20%
Mert Müldür TUR DD Fenerbahçe
20%
Michy Batshuayi BEL BU Frankfurt
20%
Mohamed Diomandé CIV MC Rangers
20%
Nathaniel Brown GER DG Frankfurt
20%
Nedim Bajrami ALB MOC Rangers
20%
Nicolò Rovella ITA MDC Lazio Roma
20%
Óscar Cortés COL AG Rangers
20%
Óscar de Marcos ESP DD Bilbao
20%
Otávio BRA DC FC Porto
20%
Owen Wijndal P-B DG Ajax
20%
Reda Belahyane MAR MDC Lazio Roma
20%
Roland Sallai MAG AD Galatasaray
20%
Ruben van Bommel P-B AG AZ Alkmaar
20%
Samuel Gigot FRA DC Lazio Roma
20%
Saud Abdulhamid KSA DD AS Roma
20%
Sebastian Szymański POL MOC Fenerbahçe
20%
Sergio Gómez ESP AD Real Sociedad
20%
Stephan El Shaarawy ITA AG AS Roma
20%
Stephen Eustáquio CAN MC FC Porto
20%
Tijjani Noslin P-B AD Lazio Roma
20%
Toby Collyer ENG MDC Manchester United
20%
Unai Gómez ESP MOC Bilbao
20%
Unai Núñez ESP DC Bilbao
20%
Victon Nelsson DAN DC AS Roma
20%
Youri Regeer P-B MC Ajax
20%
Abdul Rahman Baba GHA DG PAOK
10%
Adam Buksa POL BU FC Midtjylland
10%
Ahmed Kutucu TUR AG Galatasaray
10%
Alessio Castro-Montes BEL AD Union Saint-Gilloise
10%
Alexandre Penetra POR DC AZ Alkmaar
10%
Álvaro Djaló ESP AG Bilbao
10%
Anan Khalaili ISR AD Union Saint-Gilloise
10%
Andoni Gorosabel ESP DD Bilbao
10%
Andrija Živković SRB AD PAOK
10%
Anthony Moris LUX GK Union Saint-Gilloise
10%
Aral Şimşir TUR AG FC Midtjylland
10%
Arijon Ibrahimović GER MOC Lazio Roma
10%
Beñat Prados ESP MC Bilbao
10%
Berkan Kutlu TUR MC Galatasaray
10%
Çağlar Söyüncü TUR DC Fenerbahçe
10%
César Huerta MEX AG Anderlecht
10%
Christian Rasmussen DAN AD Ajax
10%
Cláudio Ramos POR GK FC Porto
10%
Dane Scarlett ENG BU Tottenham
10%
Danny Namaso ENG BU FC Porto
10%
Darío Osorio CHL AD FC Midtjylland
10%
Darius Olaru ROU MOC Steaua Bucarest
10%
David Carmo ANG DC Olympiakos
10%
David Møller Wolfe NOR DG AZ Alkmaar
10%
Davy Klaassen P-B MC Ajax
10%
Deniz Gül TUR BU FC Porto
10%
Dujon Sterling ENG DD Rangers
10%
Dušan Tadić SRB AD Fenerbahçe
10%
Elías Ólafsson ISL GK FC Midtjylland
10%
Fábio Vieira POR MOC FC Porto
10%
Filip Kostić SRB DG Fenerbahçe
10%
Florin Tănase ROU MOC Steaua Bucarest
10%
Francisco Moura POR DG FC Porto
10%
Franculino BGU BU FC Midtjylland
10%
Franjo Ivanović HRV BU Union Saint-Gilloise
10%
Gelson Martins POR AD Olympiakos
10%
Giannis Michailidis GRE DC PAOK
10%
Gonçalo Borges POR AD FC Porto
10%
Gue-Sung Cho KOR BU FC Midtjylland
10%
Gustaf Lagerbielke SWE DC FC Twente
10%
Hamza Igamane MAR BU Rangers
10%
Ianis Hagi ROU MOC Rangers
10%
Igor Matanović HRV BU Frankfurt
10%
İrfan Can Kahveci TUR AD Fenerbahçe
10%
Jan-Carlo Simić SRB DC Anderlecht
10%
Jefté BRA DG Rangers
10%
Jens Petter Hauge NOR AG FK Bodø/Glimt
10%
Jonny Otto ESP DD PAOK
10%
Jon Pacheco ESP DC Real Sociedad
10%
Jordy Clasie P-B MDC AZ Alkmaar
10%
Jostein Gundersen NOR DC FK Bodø/Glimt
10%
Joyskim Dawa CAM DC Steaua Bucarest
10%
Kevin Mbabu SWI DD FC Midtjylland
10%
Kian Fitz-Jim P-B MC Ajax
10%
Kiril Despodov BUL AD PAOK
10%
Koki Machida JAP DC Union Saint-Gilloise
10%
Kristijan Belić SRB MDC AZ Alkmaar
10%
Kristoffer Velde NOR AG Olympiakos
10%
Leander Dendoncker BEL MDC Anderlecht
10%
Lucas Gourna-Douath FRA MDC AS Roma
10%
Lucas Rosa BRA DD | DG Ajax
10%
Luis Palma HON AG Olympiakos
10%
Mads Bech Sørensen DAN DC FC Midtjylland
10%
Mario Stroeykens BEL MOC Anderlecht
10%
Marko Stamenić NZL MDC Olympiakos
10%
Mateusz Wieteska POL DC PAOK
10%
Mathias Rasmussen NOR MC Union Saint-Gilloise
10%
Mees de Wit P-B DG AZ Alkmaar
10%
Mees Hilgers IND DC FC Twente
10%
Metehan Baltacı TUR DC Galatasaray
10%
Mikel Vesga ESP MDC Bilbao
10%
Mikey Moore ENG AG Tottenham
10%
Mohammed Fuseini GHA BU Union Saint-Gilloise
10%
Naci Ünüvar TUR AG FC Twente
10%
Niccolò Pisilli ITA MC AS Roma
10%
Nicolas Raskin BEL MC Rangers
10%
Noah Sadiki RDC MC Union Saint-Gilloise
10%
Oğuz Aydın TUR AG Fenerbahçe
10%
Oliver Edvardsen NOR AG Ajax
10%
Oliver Provstgaard DAN DC Lazio Roma
10%
Oliver Sørensen DAN AD FC Midtjylland
10%
Ousmane Diao SEN DC FC Midtjylland
10%
Pablo Marín ESP MOC Real Sociedad
10%
Panagiotis Retsos GRE DC Olympiakos
10%
Pavel Šulc CZE MOC Viktoria Plzen
10%
Peer Koopmeiners P-B MDC AZ Alkmaar
10%
Promise David CAN BU Union Saint-Gilloise
10%
Rafiu Durosinmi NIG BU Viktoria Plzen
10%
Rodrigo Becão BRA DC Fenerbahçe
10%
Ross Sykes ENG DC Union Saint-Gilloise
10%
Santiago Hezze ARG MDC Olympiakos
10%
Sayfallah Ltaief TUN AG FC Twente
10%
Sem Steijn P-B MOC FC Twente
10%
Sérgio Oliveira POR MC Olympiakos
10%
Sofiane Boufal MAR AG Union Saint-Gilloise
10%
Soualiho Meïté FRA MDC PAOK
10%
Ștefan Târnovanu ROU GK Steaua Bucarest
10%
Thomas Foket BEL DD Anderlecht
10%
Tiago Djaló POR DC FC Porto
10%
Tiémoué Bakayoko FRA MDC PAOK
10%
Tommaso Baldanzi ITA MOC AS Roma
10%
Václav Černý CZE AD Rangers
10%
Vasco Sousa POR MC FC Porto
10%
Wouter Goes P-B DC AZ Alkmaar
10%
Wout Weghorst P-B BU Ajax
10%
Yeray Álvarez ESP DC Bilbao
10%
Youri Baas P-B DC Ajax
10%
Aleksandar Ćirković SRB AG Ferencvaros
0%
Alexis Saelmaekers BEL AD AS Roma
0%
Anass Salah-Eddine P-B DG AS Roma
0%
Anderson Talisca BRA MOC Fenerbahçe
0%
André Franco POR MOC FC Porto
0%
André Horta POR MC Olympiakos
0%
Anouar Aït El Hadj BEL MOC Union Saint-Gilloise
0%
Arno Verschueren BEL MOC FC Twente
0%
Bart van Rooij P-B DD FC Twente
0%
Brandon Thomas ESP BU PAOK
0%
Bruno Onyemaechi NIG DG Olympiakos
0%
Cengiz Ünder TUR AD Fenerbahçe
0%
Charalampos Kostoulas GRE BU Olympiakos
0%
Charles Vanhoutte BEL MDC Union Saint-Gilloise
0%
Cheick Souaré FRA DLG Viktoria Plzen
0%
Chiquinho POR MOC Olympiakos
0%
Christos Mouzakitis GRE MC Olympiakos
0%
Connor Barron SCO MC Rangers
0%
Costinha POR DD Olympiakos
0%
Cristian Ramírez EQU DG Ferencvaros
0%
Daan Rots P-B AD FC Twente
0%
Daniel Bîrligea ROU BU Steaua Bucarest
0%
Danilo BRA BU Rangers
0%
David Miculescu ROU BU Steaua Bucarest
0%
Dénes Dibusz MAG GK Ferencvaros
0%
Denil Castillo EQU MDC FC Midtjylland
0%
Denso Kasius P-B DD AZ Alkmaar
0%
Dimitrios Pelkas GRE MOC PAOK
0%
Edward Chilufya BRA AD FC Midtjylland
0%
Ernest Poku GHA AD AZ Alkmaar
0%
Fedde Leysen BEL DC Union Saint-Gilloise
0%
Fedor Chalov RUS BU PAOK
0%
Francis Amuzu GHA AG Anderlecht
0%
Francisco Ortega ARG DG Olympiakos
0%
Fred BRA MC Fenerbahçe
0%
Fredrik Sjøvold NOR DD FK Bodø/Glimt
0%
Giannis Konstantelias GRE MOC PAOK
0%
Giulian Biancone FRA DC Olympiakos
0%
Habib Maïga CIV MDC Ferencvaros
0%
Håkon Evjen NOR MC FK Bodø/Glimt
0%
Ibrahim Cissé FRA DC Ferencvaros
0%
Isak Dybvik Määttä NOR AD FK Bodø/Glimt
0%
Jayden Addai P-B AD AZ Alkmaar
0%
Jiří Panoš CZE MC Viktoria Plzen
0%
John Souttar SCO DC Rangers
0%
Kasper Høgh NOR BU FK Bodø/Glimt
0%
Kees Smit P-B MC AZ Alkmaar
0%
Killian Sardella BEL DD Anderlecht
0%
Kristoffer Olsson SWE MC FC Midtjylland
0%
Kristoffer Zachariassen NOR MOC Ferencvaros
0%
Lorenzo Pirola ITA DC Olympiakos
0%
Lucas Hey DAN DC Anderlecht
0%
Luis Vázquez ARG BU Anderlecht
0%
Lukáš Červ CZE MC Viktoria Plzen
0%
Lukáš Kalvach CZE MDC Viktoria Plzen
0%
Mady Camara GUI MC PAOK
0%
Magomed Ozdoev RUS MDC PAOK
0%
Majeed Ashimeru GHA MC Anderlecht
0%
Mamadou Thierno Barry SEN DC Union Saint-Gilloise
0%
Martin Jedlička CZE GK Viktoria Plzen
0%
Matheus Saldanha BRA BU Ferencvaros
0%
Mathias Kjølø NOR MDC FC Twente
0%
Mats Rits BEL MDC Anderlecht
0%
Max Bruns P-B DC FC Twente
0%
Mayckel Lahdo SWE AD AZ Alkmaar
0%
Mexx Meerdink P-B BU AZ Alkmaar
0%
Michal Sadílek CZE MC FC Twente
0%
Michel Vlap P¨-B MOC FC Twente
0%
Mikel Jauregizar ESP MC Bilbao
0%
Mohamed Ali Ben Romdhane TUN MC Ferencvaros
0%
Mohammed Abu Fani ISR MC Ferencvaros
0%
Moussa N'Diaye SEN DG Anderlecht
0%
Neraysho Kasanwirjo P-B DD Rangers
0%
Nikita Haikin RUS GK FK Bodø/Glimt
0%
Nilson Angulo EQU AG Anderlecht
0%
Ognjen Mimović SRB DD Fenerbahçe
0%
Ola Brynhildsen NOR BU FC Midtjylland
0%
Omar Colley GAM DC PAOK
0%
Philippe Rommens BEL MC Ferencvaros
0%
Pierluigi Gollini ITA GK AS Roma
0%
Prince Kwabena Adu GHA BU Viktoria Plzen
0%
Raul Gustavo BRA DC Ferencvaros
0%
Robin Pröpper P-B DC Rangers
0%
Roman Yaremchuk UKR BU Olympiakos
0%
Rome Jayden Owusu-Oduro GHA GK AZ Alkmaar
0%
Ross McCausland NIR AD Rangers
0%
Sam Lammers P-B BU FC Twente
0%
Sampson Dweh USA DC Viktoria Plzen
0%
Seiya Maikuma JAP DD AZ Alkmaar
0%
Sergio Peña PER MC PAOK
0%
Shola Shoretire ENG AG Rangers
0%
Siyabonga Ngezana RSA DC Steaua Bucarest
0%
Sven Mijnans P-B MOC AZ Alkmaar
0%
Svetozar Marković SRB DC Viktoria Plzen
0%
Taylor Booth USA AD FC Twente
0%
Théo Leoni BEL MC Anderlecht
0%
Thorgan Hazard BEL AG Anderlecht
0%
Tomasz Kedziora POL DC PAOK
0%
Tom Lawrence WAL MOC Rangers
0%
Tristan Degreef BEL AG Anderlecht
0%
Václav Jemelka CZE DC Viktoria Plzen
0%
Villads Nielsen DAN DC FK Bodø/Glimt
0%
Virgil Misidjan SUR AG Ferencvaros
0%
William Gomes POR AG FC Porto
0%
Yari Verschaeren BEL MOC Anderlecht
0%
Yusuf Yazıcı TUR MOC Olympiakos
0%
Zé Pedro POR DC FC Porto
0%
Aucun quiz correspondant
Distribution des résultats
% des personnes avec chaque résultat
Percentile par nombre de réponses
Votre historique - résultats
Vous n’avez pas pris ce quiz